LEADER 01542nam 2200397Ia 450 001 996395317303316 005 20221108074142.0 035 $a(CKB)4330000000313445 035 $a(EEBO)2248553282 035 $a(OCoLC)9920417800971 035 $a(EXLCZ)994330000000313445 100 $a19980929d1635 uy | 101 0 $aeng 135 $aurbn||||a|bb| 200 15$a[The English schoole-master]$b[electronic resource] $e[teaching ... the most easie, short, and perfect order of distinct reading and true writing of our English tongue /$fby Ed. Coote ...] 205 $a[Now the 24th time imprinted] 210 $a[London $cB. Alsop, T. Fawcet, E. Perslowe, for the Company of Stationers$d1635] 215 $a[8], 85, [1] p 300 $aTitle from ms. title page surrogate; edition and imprint from STC 2nd ed. 300 $aImperfect: title page and p. 25-40 lacking; stained, creased, cropped, and torn, with loss of text. Best copy available for photographing. 300 $aMarginal notes. 300 $aSignatures: A-M?(last leaf blank) 300 $aReproduction of original in: Harvard University. Library. 330 $aeebo-0062 606 $aReaders (Primary) 606 $aEnglish language$yEarly modern, 1500-1700 615 0$aReaders (Primary) 615 0$aEnglish language 700 $aCoote$b Edmund$ffl. 1597.$01012997 801 0$bEBK 801 1$bEBK 801 2$bWaOLN 906 $aBOOK 912 $a996395317303316 996 $aThe English schoole-master$92425100 997 $aUNISA LEADER 02767oam 2200745I 450 001 9910790781803321 005 20230607225431.0 010 $a1-134-98091-4 010 $a1-138-14349-9 010 $a0-203-76088-3 010 $a1-134-98077-9 024 7 $a10.4324/9780203760888 035 $a(CKB)2550000001158936 035 $a(EBL)1517692 035 $a(OCoLC)862609996 035 $a(SSID)ssj0001041123 035 $a(PQKBManifestationID)11595375 035 $a(PQKBTitleCode)TC0001041123 035 $a(PQKBWorkID)11010068 035 $a(PQKB)11760572 035 $a(MiAaPQ)EBC1517692 035 $a(Au-PeEL)EBL1517692 035 $a(CaPaEBR)ebr10794829 035 $a(CaONFJC)MIL542140 035 $a(OCoLC)862077214 035 $a(FINmELB)ELB132721 035 $a(EXLCZ)992550000001158936 100 $a20180706d2002 uy 0 101 0 $aeng 135 $aur|n|---||||| 181 $ctxt 182 $cc 183 $acr 200 10$aNature writing $ethe pastoral impulse in America /$fDon Scheese 210 1$aNew York :$cRoutledge,$d2002. 215 $a1 online resource (246 p.) 225 1 $aGenres in context 225 0$aGenres in context 300 $aDescription based upon print version of record. 311 $a0-415-93889-9 311 $a1-306-10889-6 320 $aIncludes bibliographical references (pages 183-222) and index. 327 $aCover; NATURE WRITING; Title Page; Copyright Page; Table of Contents; List of Illustrations; Acknowledgments; Chronology; Chapter 1 Overview; Chapter 2 Walden, Ktaadn, and Walking; Chapter 3 My First Summer in the Sierra; Chapter 4 The Land of Little Rain; Chapter 5 A Sand County Almanac; Chapter 6 Desert Solitaire; Chapter 7 Pilgrim at Tinker Creek; Chapter 8 Conclusion; Bibliographic Essay; Recommended Titles; Notes and References; Index 330 $aFirst published in 2003. Routledge is an imprint of Taylor & Francis, an informa company. 410 0$aGenres in Context 606 $aPastoral literature, American$xHistory and criticism 606 $aNatural history$zUnited States$xHistoriography 606 $aCountry life in literature 606 $aLandscapes in literature 606 $aNature in literature 615 0$aPastoral literature, American$xHistory and criticism. 615 0$aNatural history$xHistoriography. 615 0$aCountry life in literature. 615 0$aLandscapes in literature. 615 0$aNature in literature. 676 $a810.9/321734 686 $a18.06$2bcl 700 $aScheese$b Don.$0592929 801 0$bMiAaPQ 801 1$bMiAaPQ 801 2$bMiAaPQ 906 $aBOOK 912 $a9910790781803321 996 $aNature writing$91000772 997 $aUNINA LEADER 04390nam 2200661zu 450 001 9910133526103321 005 20210807004424.0 010 $a9782821829800 010 $a2821829809 024 7 $a10.4000/books.igpde.2786 035 $a(CKB)3390000000053808 035 $a(SSID)ssj0001537445 035 $a(PQKBManifestationID)11890207 035 $a(PQKBTitleCode)TC0001537445 035 $a(PQKBWorkID)11519533 035 $a(PQKB)11198173 035 $a(WaSeSS)IndRDA00044754 035 $a(FrMaCLE)OB-igpde-2786 035 $a(oapen)https://directory.doabooks.org/handle/20.500.12854/48022 035 $a(PPN)182836428 035 $a(FR-PaCSA)88920420 035 $a(FRCYB88920420)88920420 035 $a(oapen)doab48022 035 $a(EXLCZ)993390000000053808 100 $a20160829d1997 uy 101 0 $afre 135 $aur||||||||||| 181 $ctxt 182 $cc 183 $acr 200 13$aLa France, l'aide américaine et la construction européenne, 1944-1954. II 210 $cInstitut de la gestion publique et du développement économique$d1997 210 31$a[Place of publication not identified]$cInstitut de la gestion publique et du développement économique Comité pour l'histoire économique et$d1997 215 $a1 online resource (xx, 1042 pages) 225 1 $aE?tudes ge?ne?rales 300 $aBibliographic Level Mode of Issuance: Monograph 320 $aIncludes bibliographical references and indexes. 330 $aÀ l?heure de l?après-guerre froide et de la reconversion des ex-pays de l?Est à l?économie de marché, La France, l?aide américaine et la construction européenne constitue un ouvrage de référence pour tous ceux que soucie le devenir de l?Europe. Dans cette somme que forment la thèse qu?il a soutenue en 1988, sous la direction du professeur René Girault, et douze chapitres complémentaires, Gérard Bossuat analyse les mécanismes des aides américaines à la France, leurs conséquences intérieures, leur influence sur la politique européenne de la IVe République? Il montre combien furent malaisées, en dépit de la manne du Plan Marshall, les vastes entreprises de la reconstruction, de la modernisation et de l?intégration européenne. À travers cette histoire de l?aide américaine à la France, bilatérale, puis multilatérale, économique puis militaire, on voit agir, de Jean Monnet à Olivier Wormser, Hervé Alphand, François Bloch-Lainé, Robert Marjolin et les grands ministres, Robert Schuman, Georges Bidault, René Pleven, Léon Blum, René Mayer, ceux qui ont fait la France d?après-guerre. « En vérité, après bien d?autres ouvrages sur la IVe République, dans ce livre le lecteur va découvrir ceux qui ont fait la France actuelle, acteurs illustres et moins connus, leurs idéaux et leurs moyes. Il va comprendre un fait qui, jusqu?à maintenant, avait été moins observés que d?autres, à savoir l?influence des « amis américains » sur la gestion des affaires françaises, dans le domaine de l?économie surtout » souligne René Girault. In this post-Cold War world where the former Eastern Bloc countries have switched to a market economy, France, American Aid and European Construction is a reference for anyone worried about the future of Europe. In this study including the thesis he defended in 1988, directed by Professor René Girault, and 12 additional chapters, Gérard Bossuat analyses the mechanisms of American aid to France, its domestic impacts and its influence on the European policy of the? 410 0$aHistoire e?conomique et financie?re de la France.$pEtudes ge?ne?rales. 606 $aHistory & Archaeology$2HILCC 606 $aHistory - General$2HILCC 607 $aFrance$xEconomic conditions$y1945- 610 $ahistoire économique et financière 610 $aOTAN 610 $arelations franco-américaines 610 $aplan Marshall 610 $aPlan 610 $aconstruction européenne 610 $afinances publiques 610 $aIVe République 615 7$aHistory & Archaeology 615 7$aHistory - General 700 $aBossuat$b Gérard$0949922 801 0$bPQKB 906 $aBOOK 912 $a9910133526103321 996 $aLa France, l'aide américaine et la construction européenne, 1944-1954. II$92147275 997 $aUNINA